000 00465 a2200169 4500
003 Nust
005 20170207153359.0
040 _cNust
082 _a005.1
100 _aRehman , Capt Altaf -Ur- BESE-06
245 _aDecoding, analysis of VOIP & cryptanalysis of VPN Protocols
_cCapt Altaf - ur-Rehman & Capt Aqdas Ikram BESE-06
260 _bMCS
_c2004
300 _a80 p
538 _aAlmirah No.71 Shelf No.4
650 _a UG Projects
651 _a UG CS Projects
942 _cTHS
999 _c184895
_d184895